| 000 | 00651nam a22001817a 4500 | ||
|---|---|---|---|
| 005 | 20150124124422.0 | ||
| 008 | 130423t mx||||| |||| 00| 0 spa d | ||
| 050 | 0 | 4 |
_aR723 _bE57 1978 |
| 245 | 0 | 0 |
_aEnsayos de Yatrofilisofía/ _ccompilador; Francisco Alonso de Florida |
| 250 | _a1a ed. | ||
| 260 |
_aMéxico: _bAcademia Nacional de medicina y la Asociación mexicana de Epistemiología, _c1978 |
||
| 300 |
_a144 p.; _c22 cm |
||
| 504 | _aIncluye índice alfabético | ||
| 650 | 7 |
_2LEMB _aFilosofía Médica _xMedicina Filosofía |
|
| 650 | 7 |
_2Teoría del Conocimiento _xFilosofía |
|
| 700 | 1 | _aAlonso de Florida, Francisco; comp. | |
| 942 |
_2ddc _cLIB |
||
| 999 |
_c37130 _d37130 |
||